000 00292nam a22001337a 4500
008 190129b xxu||||| |||| 00| 0 eng d
020 _a9780070212589
041 _aeng
080 _a510
100 _a36
101 _aMAT
245 _aThe Power of Mathematics
_cFlato,M
942 _2udc
_cBK
999 _c53823
_d53823